[Event "Thessaloniki-Chalkidiki-chT B local"]
[Site "Thessaloniki"]
[Date "2019.01.13"]
[Round "1.8"]
[White "Sioulas, Nikolaos"]
[Black "Iakovidis, Orestis Marios"]
[Result "1-0"]
[WhiteElo "1123"]
[BlackElo "1269"]
[PlyCount "145"]
[EventDate "2019.01.13"]
[EventType "team-swiss"]
[EventRounds "9"]
[EventCountry "GRE"]
[SourceTitle "EXT 2020"]
[Source "ChessBase"]
[SourceDate "2019.10.17"]
[SourceVersion "1"]
[SourceVersionDate "2019.10.17"]
[SourceQuality "1"]

1. e4 e6 2. d4 d5 3. Nd2 c5 4. dxc5 Bxc5 5. Nb3 Bd6 6. exd5 exd5 7. c3 Ne7 8. g3 0-0 9. Bg2 Re8 10. Ne2 Bc7 11. 0-0 b6 12. Bf4 Bg4 13. Bxc7 Qxc7 14. Bxd5 Nxd5 15. Qxd5 Rd8 16. Qe4 Be6 17. Nf4 Bxb3 18. axb3 Nc6 19. Rad1 Re8 20. Qc2 Ne5 21. Nd5 Qb7 22. Qe4 Nc6 23. Qf3 Rad8 24. Nb4 Na5 25. Rxd8 Rxd8 26. Qxb7 Nxb7 27. Nc6 Rd2 28. Re1 Kf8 29. Nxa7 Rxb2 30. b4 Nd6 31. Nc6 Rc2 32. Rd1 Nb7 33. Rd3 g6 34. Nd4 Rc1+ 35. Kg2 Nd6 36. Ne2 Rc2 37. Rxd6 Rxe2 38. Rxb6 Rc2 39. c4 Rxc4 40. b5 Rb4 41. Rb8+ Ke7 42. b6 h5 43. b7 Kd6 44. Rd8+ Kc7 45. b8Q+ Rxb8 46. Rxb8 Kxb8 47. Kf3 Kc7 48. Kf4 Kd6 49. Kg5 Ke7 50. f4 Kf8 51. h3 Kg7 52. f5 f6+ 53. Kf4 g5+ 54. Ke4 Kf7 55. Kd5 Ke7 56. Kc6 Kf8 57. Kd6 Kf7 58. Kd7 Kf8 59. Ke6 Kg7 60. Ke7 Kh7 61. Kxf6 Kh6 62. Ke7 g4 63. h4 Kg7 64. f6+ Kg6 65. f7 Kf5 66. f8Q+ Ke4 67. Qf4+ Kd3 68. Kd6 Kc2 69. Qe3 Kb2 70. Qd3 Ka1 71. Qd2 Kb1 72. Kc5 Ka1 73. Kb4 1-0

[Event "Thessaloniki ESSTH HALK-ch U16 11th"]
[Site "Thessaloniki"]
[Date "2018.11.03"]
[Round "1.1"]
[White "Sioulas, Nikolaos"]
[Black "Karagiannis, Emmanouil"]
[Result "1-0"]
[WhiteElo "1071"]
[BlackElo "1378"]
[PlyCount "65"]
[EventDate "2018.11.03"]
[EventType "swiss"]
[EventRounds "6"]
[EventCountry "GRE"]
[SourceTitle "EXT 2024"]
[Source "ChessBase"]
[SourceDate "2023.10.10"]
[SourceVersion "1"]
[SourceVersionDate "2023.10.10"]
[SourceQuality "1"]

1. e4 c5 2. Nf3 Nc6 3. d4 cxd4 4. Nxd4 e5 5. Nb5 d6 6. Be3 a6 7. N5c3 Be6 8. Nd5 b5 9. Bb6 Qh4 10. Nc7+ Kd7 11. Nxa8 Qxe4+ 12. Qe2 Qxe2+ 13. Bxe2 Nb4 14. Na3 Bd5 15. c3 Bxa8 16. cxb4 Bxg2 17. Rg1 Bc6 18. Bg4+ Ke8 19. Rc1 Ne7 20. Bc7 f5 21. Bxf5 Nxf5 22. Rxc6 Nd4 23. Rxa6 Nf3+ 24. Kf1 Nxg1 25. Kxg1 Kd7 26. Nxb5 d5 27. Ra8 Ke6 28. Bd6 Kf7 29. Rxf8+ Rxf8 30. Bxf8 Kxf8 31. Nc3 d4 32. Ne4 Ke7 33. Kf1 1-0